| 000 | 00504nam a2200121 a 4500 | ||
|---|---|---|---|
| 008 | 120416s2003 ||||||||||||||||| || u | ||
| 050 | _aPAPERS/STAFF | ||
| 100 | _aSimposya, Mumbaala A | ||
| 245 | 1 | 0 | _aPeace studies programmes under the Dag Hammarskjold Chair of Peace, Human Rights and Conflict Manage |
| 260 |
_aWashington, D. C. _c2003 |
||
| 350 | _a0.00 | ||
| 995 |
_D0.00 _FCBU-MAIN LIBRARY (Kitwe) _H1 _I0.00 _UAVAILABLE _ZUniversity Collection |
||
| 999 |
_c53248 _d53248 |
||